000 00270nam a22001097a 4500
082 _a920/KUM
100 _aKumar,Anurag
_981819
245 _aThe Great Indian Social Reformers
260 _aGorgaon
_bShubhi Pulication
_c2019
700 _aBiography
_972249
942 _cBK
999 _c65983
_d65983